Mirrors : (Record no. 230)

MARC details
000 -LEADER
fixed length control field 00812cam a2200217 4500
001 - CONTROL NUMBER
control field 257
005 - DATE AND TIME OF LATEST TRANSACTION
control field 20181127161023.0
008 - FIXED-LENGTH DATA ELEMENTS--GENERAL INFORMATION
fixed length control field 090130s2009 nyua 001 0 eng
010 ## - LIBRARY OF CONGRESS CONTROL NUMBER
LC control number 2009004518
020 ## - INTERNATIONAL STANDARD BOOK NUMBER
International Standard Book Number 1568584237 (alk. paper)
International Standard Book Number 9781568584232 (alk. paper)
041 1# - LANGUAGE CODE
Language code of text/sound track or separate title eng
Language code of original spa
100 1# - MAIN ENTRY--PERSONAL NAME
Personal name Galeano, Eduardo H.,
Dates associated with a name 1940-
240 10 - UNIFORM TITLE
Uniform title Espejos.
Language of a work English
245 10 - TITLE STATEMENT
Title Mirrors :
Remainder of title stories of almost everyone /
Statement of responsibility, etc. Eduardo Galeano ; English translation by Mark Fried.
260 ## - PUBLICATION, DISTRIBUTION, ETC.
Place of publication, distribution, etc. New York :
Name of publisher, distributor, etc. Nation Books,
Date of publication, distribution, etc. c2009.
300 ## - PHYSICAL DESCRIPTION
Extent 391 p. :
Other physical details ill. ;
Dimensions 22 cm.
500 ## - GENERAL NOTE
General note Includes index.
520 ## - SUMMARY, ETC.
Summary, etc. The unofficial history of the world seen--and mirrored to us--through the eyes and voices of history's unseen, unheard, and forgotten, over 5000 years of history.
650 #0 - SUBJECT ADDED ENTRY--TOPICAL TERM
Topical term or geographic name entry element History
Form subdivision Miscellanea.
Holdings
Withdrawn status Lost status Source of classification or shelving scheme Damaged status Not for loan Collection code Home library Current library Shelving location Serial Enumeration / chronology Inventory number Total Checkouts Full call number Barcode Date last seen Date last checked out Price effective from Koha item type
    Dewey Decimal Classification     Main TEST RTC Library RTC Library Main opac 3099 1 909 GAL 30001880 30/10/2020 25/09/2020 27/11/2018 Main
Royal Thimphu College || All Right Reserved